[Event "Marienbad Open-A1 2019"]
[Site "Marianske Lazne"]
[Date "2019.01.19"]
[Round "1.1"]
[White "Ajay Krishna, S."]
[Black "Plat, Vojtech"]
[Result "1/2-1/2"]
[WhiteElo "2289"]
[BlackElo "2552"]
[Annotator "TA"]
[PlyCount "96"]
[EventDate "2019.01.17"]
[EventType "tourn"]
[EventCountry "CZE"]
[SourceTitle "playchess.com"]
[Source "ChessBase"]
[SourceQuality "1"]

{[%evp 11,96,17,16,12,17,16,23,9,9,10,51,51,64,49,52,50,85,33,53,41,43,49,53,0,25,8,29,-26,-25,-29,-29,-63,-48,-63,-67,-68,0,0,0,0,-14,-42,-31,-30,26,20,25,29,28,28,31,37,60,45,113,-8,-9,-36,17,14,14,-8,-19,-8,-11,-7,-8,-56,0,0,0,0,29,33,53,54,50,51,165,171,171,160,271,264,294,283,246]} 1. Nf3 Nf6 2. c4 $146 (2. g3 b6 3. Bg2 Bb7 4. O-O g6 5. b4 Bg7 6. Bb2 O-O {1-0 (34) Harikrishna,P (2744)-Rapport,R (2707) Riadh 2017}) ({Predecessor:} 2. g3 g6 3. b4 b6 4. Bb2 Bg7 5. Bg2 Bb7 6. O-O O-O 7. d3 d6 8. Nbd2 Nbd7 {1-0 (43) Baldwin,T-Milbers,P Schilde 1967}) 2... g6 3. b4 Bg7 4. Bb2 O-O 5. g3 b6 6. Bg2 Bb7 7. O-O {A15: English Opening: 1...Nf6} d6 (7... Na6 8. a3 c5 9. Qb3 d5 10. Nh4 e6 11. Nc3 dxc4 12. Qxc4 Bxg2 13. Kxg2 Qxd2 {1-0 (34) Harikrishna,P (2744)-Rapport,R (2707) Riadh 2017}) 8. d3 Nbd7 9. Nbd2 {White has an edge.} c5 10. b5 d5 11. cxd5 Nxd5 12. Bxg7 Kxg7 13. Qb3 e5 14. a4 ({Better is} 14. Ne1 $16 N7f6 15. Nc4) 14... Nc7 15. Qb2 f6 16. a5 Qe7 17. Ra3 ({White should play} 17. Nc4 $14) 17... Bd5 18. Rfa1 Rfb8 19. a6 (19. Nc4 $142) 19... Rd8 $11 20. Nf1 Rab8 21. Ne3 Bf7 22. Nd2 Nf8 23. Ne4 Nd5 (23... Nfe6 $15) 24. Rf1 Kg8 25. Raa1 Rbc8 26. Ng4 Be6 27. Ne3 $1 f5 (27... Nb4 $142) 28. Nd2 Nxe3 29. fxe3 c4 30. Nxc4 Bxc4 31. dxc4 e4 32. g4 Rc5 (32... fxg4 $14 33. Qc2 Nd7) 33. Rf4 (33. gxf5 $16 gxf5 34. Kh1) 33... Ne6 $36 {[%mdl 2048] Black has the initiative.} 34. Rf2 Qg5 (34... fxg4 $15 35. Qf6 Qxf6 36. Rxf6 Ng5) 35. gxf5 Qxe3 36. Qf6 (36. Qc1 {seems wilder.} Qxc1+ 37. Rxc1 gxf5 38. Rcf1 Rf8 39. e3) 36... Qxf2+ $1 {[%mdl 64] [#] Remove Defender} 37. Kxf2 Rxf5+ 38. Qxf5 gxf5 {[%mdl 4096] Endgame KRB-KRN} 39. e3 Rd2+ (39... Kg7 $15) 40. Kg1 Kg7 41. Rf1 f4 {[#] White must now prevent ...f3.} 42. Bxe4 {aiming for Bf5.} fxe3 43. Re1 e2 44. Kf2 Nc5 (44... Nf4 $14) 45. Ke3 $18 Ra2 {Threatening ...Ra3+.} 46. Bd5 Kf6 (46... Nb3 $16 {is a better defense.} 47. c5 (47. Rxe2 Rxe2+ 48. Kxe2 Kf6 $16) 47... bxc5) 47. Rxe2 Rxe2+ 48. Kxe2 Ke5 {Accuracy: White = 52%, Black = 42%.} 1/2-1/2

[Event "Marienbad Open-A1 2019"]
[Site "Marianske Lazne"]
[Date "2019.01.19"]
[Round "1.2"]
[White "Cernousek, Lukas"]
[Black "Makarian, Rudik"]
[Result "0-1"]
[WhiteElo "2427"]
[BlackElo "2354"]
[Annotator "TA"]
[PlyCount "68"]
[EventDate "2019.01.17"]
[EventType "tourn"]
[EventCountry "CZE"]
[SourceTitle "playchess.com"]
[Source "ChessBase"]
[SourceQuality "1"]

{[%evp 26,68,-34,-29,67,63,128,108,103,-53,0,-37,-39,-9,-8,-56,-74,-55,0,0,0,-196,-195,-184,-180,-260,-257,-249,-248,-294,-295,-543,-160,-674,-671,-926,-905,-29996,-29997,-29997,-29998,-29998,-29965,-29963,-5302]} 1. e4 c5 2. Nf3 d6 3. d4 cxd4 4. Nxd4 Nf6 5. Nc3 a6 6. Be3 e6 7. g4 e5 8. Nf5 g6 9. g5 gxf5 10. exf5 d5 11. Qf3 d4 12. O-O-O {[%cal Ba1d1,Bd1d4,Bd4e4][%mdl 32] B81: Sicilian Scheveningen: Keres Attack} Nbd7 13. Bxd4 exd4 14. Rxd4 {[#] LiveBook: 12 Games. Threatening Bc4.Black is slightly better.} Be7 $146 (14... Bc5 $11 15. Rd2 Qc7 16. gxf6 Nxf6) ({Predecessor:} 14... Bg7 15. Rg1 Kf8 16. Bc4 Qe7 17. gxf6 Qxf6 18. Qd5 Rg8 19. Kb1 Qe7 {0-1 (34) Van Foreest,L (2467)-Van Wely,L (2661) Netherlands 2018}) 15. gxf6 $14 Bxf6 16. Re4+ $1 Kf8 17. Nd5 $2 (17. Bc4 $1 $16 Rg8 18. Qe3) 17... Nc5 (17... Bg5+ $1 $15 18. Kb1 b6) 18. Rc4 Bg5+ 19. Kb1 $132 {[%mdl 2048] White has counterplay} b6 $1 {And now ...Bf6 would win.} 20. Bg2 {Hoping for h4.} Bb7 21. Rd1 Bxd5 (21... Rg8 $15 22. Qh5 Qd6) 22. Rxd5 $11 Qe7 {...Rg8 is the strong threat.} 23. f6 $2 (23. a4 $1 $11 {and White has nothing to worry.}) 23... Bxf6 $19 24. Rf4 Re8 $1 25. a4 (25. a3 $142 Rg8 26. Rxf6 Rxg2 27. Rdf5) 25... Rg8 $1 26. Rxf6 {[#] aiming for Re5!} Rxg2 $1 {[%mdl 512]} 27. Rdf5 {[#]} (27. Qxg2 Qxf6) 27... Rg7 $1 {White must now prevent ...Ne4.} 28. Rxb6 $2 (28. Ka2) 28... Ne4 $2 (28... Nxa4 $19 {and Black stays clearly on top.} 29. Rb7 Rg1+ 30. Ka2 {[#]} Nc3+ $1 {[%mdl 512]} 31. Qxc3 Qe6+ {[%mdl 64] Double Attack} 32. Rb3 Qxf5 33. Qh8+ Rg8) 29. Qf4 $2 (29. Ka2 $17) 29... Qd7 30. Rxa6 {intending Ka2.} Qb7 {( -> ...Nc3+)} 31. Qh6 Nc3+ $1 {Black mates.} 32. Kc1 Qh1+ 33. Kd2 Ne4+ 34. Kd3 Qd1+ {Accuracy: White = 16%, Black = 53%.} (34... Qf1+ $142 35. Kd4 Rd8+ 36. Rd5 Qxf2+ 37. Kxe4 Qg2+ 38. Kf4 Qxd5 39. Qxg7+ Kxg7 40. Ra7 Qd2+ 41. Kf3 Rd4 42. Rxf7+ Kxf7 43. c3 Rf4+ 44. Kg3 Qf2+ 45. Kh3 Rh4#) 0-1

[Event "Marienbad Open-A1 2019"]
[Site "Marianske Lazne"]
[Date "2019.01.19"]
[Round "1.3"]
[White "Simek, Petr"]
[Black "Rakesh Kumar Jena"]
[Result "1/2-1/2"]
[WhiteElo "2330"]
[BlackElo "2426"]
[Annotator "TA"]
[PlyCount "107"]
[EventDate "2019.01.17"]
[EventType "tourn"]
[EventCountry "CZE"]
[SourceTitle "playchess.com"]
[Source "ChessBase"]
[SourceQuality "1"]

{[%evp 28,107,66,62,67,62,73,71,100,85,125,73,77,54,65,41,42,32,73,57,86,56,53,43,46,58,68,-22,-13,-52,-48,-52,-45,-85,-15,-18,-15,-14,-10,-10,-8,-17,-10,-6,39,0,0,-22,23,0,5,0,15,34,129,150,212,191,214,191,204,144,156,151,291,225,300,222,268,249,426,359,295,290,451,448,377,235,169,0,239,0]} 1. d4 Nf6 2. c4 e6 3. g3 Bb4+ 4. Bd2 Be7 5. Bg2 d5 6. Nf3 O-O 7. O-O Nbd7 8. Qc2 c6 9. Rd1 b6 10. Bf4 Bb7 11. Ne5 Rc8 12. Nc3 Nh5 13. Bd2 (13. Bc1 Nhf6 14. e4 Bb4 15. Bg5 Qc7 16. Nxd7 Nxd7 17. a3 Bxc3 18. Qxc3 dxc4 19. Bf4 Qd8 20. Bd6 {0-1 (76) Dominguez Perez,L (2739)-Caruana,F (2822) Saint Louis 2018}) 13... Nhf6 14. Bf4 a6 {E08: Closed Catalan: Main Line: 7 Qc2} 15. e4 {LiveBook: 3 Games} b5 {[#]} 16. Nxd7 $146 ({Predecessor:} 16. b3 c5 17. exd5 exd5 18. dxc5 Rxc5 19. Qb2 Qc8 20. Nxd7 Nxd7 21. Be3 Bf6 22. Bxc5 Nxc5 {½-½ (31) Mareco,S (2583)-De Dovitiis,A (2366) Montevideo 2011}) 16... Nxd7 {White is slightly better.} 17. c5 Re8 18. h4 Nf8 19. h5 (19. b4 $142) 19... a5 20. Qe2 Nd7 21. e5 b4 22. Na4 Ra8 23. Qg4 Kh8 24. Bh3 Ba6 25. Be3 Bb5 26. b3 $1 f5 27. exf6 (27. Qf3 $1 $14) 27... Nxf6 $11 28. Qf3 Bxa4 29. bxa4 Ne4 $1 30. h6 Bf6 ({Black should play} 30... gxh6 $17 31. Bf4 (31. Bxh6 Bg5 $17) 31... Bg5) 31. hxg7+ Bxg7 32. Qh5 Qf6 33. Kg2 Qg6 34. Bg4 Qxh5 35. Bxh5 Rf8 36. Bf4 Ra7 37. Rac1 Rb7 38. Rd3 Nc3 39. Rd2 Nxa4 40. Re1 Nc3 (40... e5 $1 $14 41. dxe5 Nxc5) 41. Rxe6 $16 Rc8 {[#]} (41... a4 $16) 42. Be8 $1 $18 a4 43. Bxc6 Ra7 44. Re8+ Rxe8 45. Bxe8 {Strongly threatening c6.} Ne4 (45... a3 $16) 46. Rd1 Nc3 {[#]} 47. Re1 $1 Bxd4 48. c6 Bb6 $2 (48... b3 49. c7 Rxc7) 49. Bd7 Kg7 50. Bd6 Nxa2 (50... d4 {was worth a try.} 51. Bxb4 Nxa2) 51. Re7+ Kf6 52. Re6+ Kf7 {Threatens to win with ...Rxd7!} 53. Re7+ (53. Rh6 $142) 53... Kf6 54. Re6+ $2 {Precision: White = 44%, Black = 50%.} (54. Rxh7 $18 b3 55. f4) 1/2-1/2

[Event "Marienbad Open-A1 2019"]
[Site "Marianske Lazne"]
[Date "2019.01.19"]
[Round "1.4"]
[White "Oboladze, Luka"]
[Black "Gumularz, Szymon"]
[Result "1/2-1/2"]
[WhiteElo "2295"]
[BlackElo "2475"]
[Annotator "TA"]
[PlyCount "49"]
[EventDate "2019.01.17"]
[EventType "tourn"]
[EventCountry "CZE"]
[SourceTitle "playchess.com"]
[Source "ChessBase"]
[SourceQuality "1"]

{[%evp 23,49,10,27,16,33,12,21,0,0,0,0,-9,-8,-6,-8,-2,0,0,0,0,0,0,0,4,4,0,8,7]} 1. d4 Nf6 2. c4 e6 3. Nf3 d5 4. Nc3 Nbd7 5. e3 c6 6. Bd3 dxc4 7. Bxc4 b5 8. Bd3 b4 9. Ne4 Nxe4 10. Bxe4 Bb7 11. O-O Bd6 12. b3 O-O 13. Bb2 {D47: Semi-Slav: Meran System} Nf6 14. Bd3 (14. Bc2 c5 15. dxc5 Bxc5 16. Ng5 Qxd1 17. Rfxd1 Be7 18. Nxh7 Nxh7 {½-½ (54) Mamedyarov,S (2764)-Caruana,F (2786) Tashkent 2012}) 14... c5 {The position is equal.} 15. Qe2 cxd4 16. Nxd4 {[%cal Bf3d4,Bd4b5,Bb5d6][%mdl 32]} Rc8 17. Rac1 Qa5 $146 ({Predecessor:} 17... Bc5 18. Ba6 Qd5 19. Bxb7 Qxb7 20. Qb5 Qxb5 21. Nxb5 Nd5 {½-½ (21) Henk,M (2066)-Dehne,M (2011) Niederrhein 1999}) 18. Nb5 Be7 19. Bd4 a6 20. Bxf6 Bxf6 21. Nd6 Rxc1 22. Rxc1 Ba8 23. Be4 ({But not} 23. Bxa6 $2 Qd5 $19) 23... Qe5 24. Qd3 Rd8 {[#] aiming for ...Bxe4.} 25. Bxa8 ({Not} 25. Bxh7+ $2 Kf8 $19) 1/2-1/2

[Event "Marienbad Open-A1 2019"]
[Site "Marianske Lazne"]
[Date "2019.01.19"]
[Round "1.5"]
[White "Chernyshov, Konstantin"]
[Black "Voloshin, Leonid"]
[Result "1/2-1/2"]
[WhiteElo "2500"]
[BlackElo "2381"]
[Annotator "TA RC"]
[PlyCount "20"]
[EventDate "2019.01.17"]
[EventType "tourn"]
[EventCountry "CZE"]
[SourceTitle "playchess.com"]
[Source "ChessBase"]
[SourceQuality "1"]

{[%evp 18,20,21,8,93]} 1. e4 e6 2. Nc3 d5 3. Nf3 dxe4 4. Nxe4 Nd7 5. d4 Ngf6 6. Bd3 Nxe4 7. Bxe4 Nf6 8. Bd3 c5 9. dxc5 Bxc5 10. O-O {LiveBook: 216 Games. C10: French with 3 Nc3: Unusual Black 3rd moves and 3...dxe4} Bf8 $146 (10... b6 $11) ({Predecessor:} 10... O-O 11. Qe2 b6 12. Bg5 Bb7 13. Rad1 Qc7 14. Bxf6 gxf6 15. Be4 Rad8 16. c3 Rxd1 17. Rxd1 Bxe4 18. Qxe4 Rd8 19. Rd3 Rxd3 20. Qxd3 Qf4 {½-½ (31) Kobalia,M (2620)-Timofeev,A (2580) Sochi 2018}) 1/2-1/2

[Event "Marienbad Open-A1 2019"]
[Site "Marianske Lazne"]
[Date "2019.01.20"]
[Round "2"]
[White "Gumularz, Szymon"]
[Black "Chernyshov, Konstantin"]
[Result "1/2-1/2"]
[WhiteElo "2475"]
[BlackElo "2500"]
[Annotator "ChessBase"]
[PlyCount "92"]
[EventDate "2019.01.17"]
[EventType "tourn"]
[EventCountry "CZE"]
[SourceTitle "playchess.com"]
[Source "ChessBase"]
[SourceQuality "1"]
[TimeControl "40/5400+30:1800+30"]

1. e4 {[%emt 0:00:00]} c6 {[%emt 0:00:08]} 2. d4 {[%emt 0:00:00]} d5 {[%emt 0:00:07]} 3. e5 {[%emt 0:00:05]} g6 {[%emt 0:00:44]} 4. c4 {[%emt 0:01:19]} Bg7 {[%emt 0:03:33]} 5. Nc3 {[%emt 0:00:24]} Nh6 {[%emt 0:01:43]} 6. Nf3 {[%emt 0:07:07]} O-O {[%emt 0:02:56]} 7. h3 {[%emt 0:10:27]} Na6 {[%emt 0:02:26]} 8. cxd5 {[%emt 0:05:13]} cxd5 {[%emt 0:00:43]} 9. Bf4 {[%emt 0:00:11]} Kh8 {[%emt 0:11:02]} 10. Qd2 {[%emt 0:08:08]} Ng8 {[%emt 0:00:10]} 11. Be2 {[%emt 0:00:24]} Nc7 {[%emt 0:01:31]} 12. O-O {[%emt 0:07:16]} Ne6 {[%emt 0:05:40]} 13. Be3 {[%emt 0:01:06]} b6 {[%emt 0:01:42]} 14. Rac1 {[%emt 0:01:35]} Bb7 {[%emt 0:01:31]} 15. Nh2 {[%emt 0:04:50]} f6 {[%emt 0:09:52]} 16. f4 {[%emt 0:09:50]} Nh6 {[%emt 0:01:52]} 17. g4 {[%emt 0:02:32]} Nf7 {[%emt 0:00:26]} 18. Nf3 {[%emt 0:04:28]} fxe5 {[%emt 0:00:54]} 19. fxe5 {[%emt 0:05:50]} Qd7 {[%emt 0:01:29]} 20. Rf2 {[%emt 0:00:59]} Nfd8 {[%emt 0:02:25]} 21. Rcf1 {[%emt 0:06:12]} Nc6 {[%emt 0:00:34]} 22. Ng5 {[%emt 0:05:49]} Rxf2 {[%emt 0:08:11]} 23. Rxf2 {[%emt 0:00:28]} Nxg5 {[%emt 0:01:32]} 24. Bxg5 {[%emt 0:00:05]} Rf8 {[%emt 0:00:08]} 25. Rxf8+ {[%emt 0:01:23]} Bxf8 {[%emt 0:00:05]} 26. Bf3 {[%emt 0:00:17]} e6 {[%emt 0:01:57]} 27. Bf6+ {[%emt 0:01:29]} Kg8 {[%emt 0:00:06]} 28. Kg2 {[%emt 0:00:11]} Ba6 {[%emt 0:03:43]} 29. h4 {[%emt 0:00:42]} Ne7 {[%emt 0:04:14]} 30. Qg5 {[%emt 0:04:29]} Qc7 {[%emt 0:04:45]} 31. Bd1 {[%emt 0:05:48]} Bd3 {[%emt 0:05:02]} 32. Qe3 {[%emt 0:01:37]} Ba6 {[%emt 0:00:50]} 33. Kg3 {[%emt 0:00:51]} Qc4 {[%emt 0:02:45]} 34. Be2 {[%emt 0:00:24]} Qc8 {[%emt 0:00:06]} 35. Bd1 {[%emt 0:00:02]} Qc4 {[%emt 0:00:24]} 36. Be2 {[%emt 0:03:51]} Qc8 {[%emt 0:00:06]} 37. Bf3 {[%emt 0:00:24]} Qc4 {[%emt 0:03:28]} 38. h5 {[%emt 0:01:24]} Qf1 {[%emt 0:03:12]} 39. Bg2 {[%emt 0:00:53]} Qd3 {[%emt 0:02:50]} 40. Qxd3 {[%emt 0:00:08]} Bxd3 {[%emt 0:00:06]} 41. hxg6 {[%emt 0:30:12]} hxg6 {[%emt 0:31:45]} 42. Kf4 {[%emt 0:00:00]} Kf7 {[%emt 0:00:00]} 43. Bf3 {[%emt 0:00:00]} Bc4 {[%emt 0:00:00]} 44. b3 {[%emt 0:00:00]} Ba6 {[%emt 0:00:00]} 45. Bxe7 {[%emt 0:00:00]} Bxe7 {[%emt 0:00:00]} 46. Be2 {[%emt 0:00:00]} Bb4 {Ke4} 1/2-1/2

[Event "Marienbad Open-A1 2019"]
[Site "Marianske Lazne"]
[Date "2019.01.20"]
[Round "2"]
[White "Rakesh Kumar Jena"]
[Black "Oboladze, Luka"]
[Result "0-1"]
[WhiteElo "2426"]
[BlackElo "2295"]
[Annotator "ChessBase"]
[PlyCount "76"]
[EventDate "2019.01.17"]
[EventType "tourn"]
[EventCountry "CZE"]
[SourceTitle "playchess.com"]
[Source "ChessBase"]
[SourceQuality "1"]
[TimeControl "40/5400+30:1800+30"]

1. d4 {[%emt 0:00:07]} Nf6 {[%emt 0:00:00]} 2. Bf4 {[%emt 0:00:06]} c5 {[%emt 0:00:00]} 3. e3 {[%emt 0:00:08]} b6 {[%emt 0:00:26]} 4. Nf3 {[%emt 0:00:18]} Bb7 {[%emt 0:00:09]} 5. Nbd2 {[%emt 0:00:13]} g6 {[%emt 0:00:41]} 6. Bd3 {[%emt 0:00:26]} Bg7 {[%emt 0:00:10]} 7. c3 {[%emt 0:00:59]} d6 {[%emt 0:01:10]} 8. h3 {[%emt 0:02:54]} O-O {[%emt 0:00:29]} 9. O-O {[%emt 0:00:20]} Nbd7 {[%emt 0:00:48]} 10. Bh2 {[%emt 0:00:06]} Qc7 {[%emt 0:06:31]} 11. a4 {[%emt 0:01:32]} a6 {[%emt 0:02:08]} 12. Qe2 {[%emt 0:00:55]} Rfe8 {[%emt 0:01:35]} 13. e4 {[%emt 0:02:40]} e5 {[%emt 0:00:39]} 14. dxe5 {[%emt 0:01:30]} Nxe5 {[%emt 0:03:40]} 15. Rfe1 {[%emt 0:04:11]} Nxd3 {[%emt 0:08:36]} 16. Qxd3 {[%emt 0:00:06]} Rad8 {[%emt 0:03:10]} 17. Bf4 {[%emt 0:08:59]} Qc6 {[%emt 0:07:15]} 18. Bg5 {[%emt 0:00:27]} h6 {[%emt 0:00:55]} 19. Bxf6 {[%emt 0:01:58]} Bxf6 {[%emt 0:00:02]} 20. h4 {[%emt 0:04:30]} h5 {[%emt 0:13:01]} 21. Qe3 {[%emt 0:09:32]} d5 {[%emt 0:05:07]} 22. e5 {[%emt 0:03:51]} Bg7 {[%emt 0:06:05]} 23. Qf4 {[%emt 0:01:04]} Re7 {[%emt 0:03:30]} 24. c4 {[%emt 0:05:05]} Qe6 {[%emt 0:02:01]} 25. cxd5 {[%emt 0:05:33]} Rxd5 {[%emt 0:03:37]} 26. Nc4 {[%emt 0:04:12]} Qg4 {[%emt 0:01:24]} 27. Qxg4 {[%emt 0:09:09]} hxg4 {[%emt 0:00:02]} 28. Nh2 {[%emt 0:00:09]} Rd4 {[%emt 0:11:25]} 29. Nxb6 {[%emt 0:01:31]} Rxe5 {[%emt 0:03:33]} 30. Rxe5 {[%emt 0:01:06]} Bxe5 {[%emt 0:00:03]} 31. Rc1 {[%emt 0:00:19]} g3 {[%emt 0:07:11]} 32. Nf3 {[%emt 0:01:40]} Bxf3 {[%emt 0:00:08]} 33. gxf3 {[%emt 0:00:01]} Rb4 {[%emt 0:03:51]} 34. Nd5 {[%emt 0:00:21]} gxf2+ {[%emt 0:01:58]} 35. Kxf2 {[%emt 0:00:45]} Rxb2+ {[%emt 0:00:08]} 36. Ke3 {[%emt 0:00:09]} Bd4+ {[%emt 0:00:15]} 37. Kf4 {[%emt 0:00:05]} Kg7 {[%emt 0:01:02]} 38. Nc7 {[%emt 0:00:48]} Rb4 {[%emt 0:00:53]} 0-1

[Event "Marienbad Open-A1 2019"]
[Site "Marianske Lazne"]
[Date "2019.01.20"]
[Round "2"]
[White "Makarian, Rudik"]
[Black "Simek, Petr"]
[Result "1-0"]
[WhiteElo "2354"]
[BlackElo "2330"]
[Annotator "ChessBase"]
[PlyCount "93"]
[EventDate "2019.01.17"]
[EventType "tourn"]
[EventCountry "CZE"]
[SourceTitle "playchess.com"]
[Source "ChessBase"]
[SourceQuality "1"]
[TimeControl "40/5400+30:1800+30"]

1. d4 Nf6 2. c4 e6 3. g3 c5 4. dxc5 Bxc5 5. Bg2 O-O 6. Nf3 d5 7. O-O Nc6 8. cxd5 exd5 9. a3 a5 10. b3 Re8 11. Bb2 Bg4 12. Nc3 d4 13. Na4 Ba7 14. Rc1 Qd6 15. Nc3 Qe7 16. Nb5 Bb6 17. Nbxd4 Nxd4 18. Bxd4 Rad8 19. e3 Qxa3 20. Qc2 Rc8 21. Qb1 Bxd4 22. Nxd4 Qb4 23. Qd3 h6 24. h3 Bh5 25. f4 Bg6 26. f5 Bh7 27. g4 Kf8 28. e4 Red8 29. Rxc8 Rxc8 30. e5 Rc3 31. Ne6+ fxe6 32. Qd8+ Kf7 33. fxe6+ Kxe6 34. exf6 Qc5+ 35. Kh1 Rxh3+ 36. Bxh3 Be4+ 37. Bg2 Bxg2+ 38. Kxg2 Qc2+ 39. Kf3 Qxb3+ 40. Ke2 Qc4+ 41. Qd3 Qxg4+ 42. Kd2 Qb4+ 43. Qc3 Qxc3+ 44. Kxc3 gxf6 45. Rb1 Kf5 46. Kd3 Kf4 47. Ke2 1-0

[Event "Marienbad Open-A1 2019"]
[Site "Marianske Lazne"]
[Date "2019.01.20"]
[Round "2"]
[White "Ajay Krishna, S."]
[Black "Cernousek, Lukas"]
[Result "1-0"]
[WhiteElo "2289"]
[BlackElo "2427"]
[Annotator "ChessBase"]
[PlyCount "77"]
[EventDate "2019.01.17"]
[EventType "tourn"]
[EventCountry "CZE"]
[SourceTitle "playchess.com"]
[Source "ChessBase"]
[SourceQuality "1"]
[TimeControl "40/5400+30:1800+30"]

1. Nf3 {[%emt 0:00:17]} d5 {[%emt 0:00:00]} 2. c4 {[%emt 0:00:12]} d4 {[%emt 0:00:00]} 3. e3 {[%emt 0:01:20]} Nc6 {[%emt 0:00:00]} 4. d3 {[%emt 0:00:24]} e5 {[%emt 0:04:13]} 5. a3 {[%emt 0:00:22]} a5 {[%emt 0:07:43]} 6. exd4 {[%emt 0:06:26]} exd4 {[%emt 0:00:11]} 7. Qe2+ {[%emt 0:03:13]} Be7 {[%emt 0:06:46]} 8. g3 {[%emt 0:07:19]} Nf6 {[%emt 0:01:01]} 9. Bg2 {[%emt 0:00:14]} O-O {[%emt 0:00:08]} 10. O-O {[%emt 0:00:09]} Re8 {[%emt 0:07:20]} 11. Qc2 {[%emt 0:01:06]} Nd7 {[%emt 0:14:28]} 12. Nbd2 {[%emt 0:12:13]} Nc5 {[%emt 0:00:16]} 13. Nb3 {[%emt 0:06:06]} Ne6 {[%emt 0:03:38]} 14. Bd2 {[%emt 0:01:02]} a4 {[%emt 0:04:40]} 15. Nc1 {[%emt 0:00:26]} Nc5 {[%emt 0:00:16]} 16. Bb4 {[%emt 0:04:29]} Bf5 {[%emt 0:03:59]} 17. Bxc5 {[%emt 0:03:01]} Bxc5 {[%emt 0:00:01]} 18. Nd2 {[%emt 0:00:39]} Qd7 {[%emt 0:02:56]} 19. Na2 {[%emt 0:07:33]} Bf8 {[%emt 0:15:10]} 20. Rae1 {[%emt 0:12:47]} Ne5 {[%emt 0:00:42]} 21. Nc1 {[%emt 0:01:30]} c5 {[%emt 0:01:19]} 22. Nf3 {[%emt 0:11:01]} Nxf3+ {[%emt 0:09:39]} 23. Bxf3 {[%emt 0:00:02]} Rab8 {[%emt 0:00:04]} 24. Rxe8 {[%emt 0:09:06]} Rxe8 {[%emt 0:04:28]} 25. b3 {[%emt 0:00:27]} Bh3 {[%emt 0:04:47]} 26. Bg2 {[%emt 0:00:35]} Bxg2 {[%emt 0:01:30]} 27. Kxg2 {[%emt 0:00:02]} Qc6+ {[%emt 0:05:45]} 28. Kg1 {[%emt 0:00:10]} axb3 {[%emt 0:00:12]} 29. Nxb3 {[%emt 0:01:30]} Qf3 {[%emt 0:00:55]} 30. Qd1 {[%emt 0:00:31]} Qf5 {[%emt 0:00:56]} 31. Nc1 {[%emt 0:00:39]} h5 {[%emt 0:01:42]} 32. Re1 {[%emt 0:02:33]} Ra8 {[%emt 0:00:01]} 33. a4 {[%emt 0:01:09]} h4 {[%emt 0:00:34]} 34. Ne2 {[%emt 0:01:47]} Bd6 {[%emt 0:00:44]} 35. gxh4 {[%emt 0:01:06]} Qg4+ {[%emt 0:00:51]} 36. Ng3 {[%emt 0:00:03]} Qxh4 {[%emt 0:00:20]} 37. Qf3 {[%emt 0:00:39]} Rxa4 {[%emt 0:00:43]} 38. Re8+ {[%emt 0:03:06]} Bf8 {[%emt 0:00:01]} 39. Qd5 {[%emt 0:01:17]} 1-0

[Event "Marienbad Open-A1 2019"]
[Site "Marianske Lazne"]
[Date "2019.01.21"]
[Round "3"]
[White "Chernyshov, Konstantin"]
[Black "Rakesh Kumar Jena"]
[Result "0-1"]
[WhiteElo "2500"]
[BlackElo "2426"]
[Annotator "ChessBase"]
[PlyCount "82"]
[EventDate "2019.01.17"]
[EventType "tourn"]
[EventCountry "CZE"]
[SourceTitle "playchess.com"]
[Source "ChessBase"]
[SourceQuality "1"]
[TimeControl "40/5400+30:1800+30"]

1. c4 {[%emt 0:00:00]} Nf6 {[%emt 0:02:32]} 2. g3 {[%emt 0:00:07]} e6 {[%emt 0:00:29]} 3. Bg2 {[%emt 0:00:08]} d5 {[%emt 0:00:15]} 4. Nf3 {[%emt 0:00:42]} Be7 {[%emt 0:00:30]} 5. O-O {[%emt 0:00:41]} O-O {[%emt 0:00:05]} 6. b3 {[%emt 0:00:56]} b6 {[%emt 0:00:18]} 7. Bb2 {[%emt 0:02:47]} Bb7 {[%emt 0:00:15]} 8. cxd5 {[%emt 0:00:18]} exd5 {[%emt 0:00:08]} 9. d4 {[%emt 0:03:13]} Nbd7 {[%emt 0:00:33]} 10. Nbd2 {[%emt 0:03:57]} Re8 {[%emt 0:01:48]} 11. Rc1 {[%emt 0:03:31]} Bd6 {[%emt 0:01:05]} 12. Re1 {[%emt 0:01:55]} a5 {[%emt 0:06:39]} 13. Qc2 {[%emt 0:02:34]} c5 {[%emt 0:16:05]} 14. dxc5 {[%emt 0:06:04]} bxc5 {[%emt 0:02:53]} 15. Nh4 {[%emt 0:01:22]} Bf8 {[%emt 0:06:44]} 16. e4 {[%emt 0:10:23]} d4 {[%emt 0:00:29]} 17. a4 {[%emt 0:01:42]} Ne5 {[%emt 0:03:05]} 18. Rcd1 {[%emt 0:12:40]} Ba6 {[%emt 0:02:32]} 19. Bf1 {[%emt 0:05:05]} Bxf1 {[%emt 0:01:11]} 20. Kxf1 {[%emt 0:03:24]} Rb8 {[%emt 0:01:09]} 21. Kg2 {[%emt 0:02:31]} Qb6 {[%emt 0:04:58]} 22. Ba1 {[%emt 0:03:55]} Qa6 {[%emt 0:03:22]} 23. Ndf3 {[%emt 0:02:45]} Nxf3 {[%emt 0:03:44]} 24. Nxf3 {[%emt 0:00:57]} Qb7 {[%emt 0:00:18]} 25. e5 {[%emt 0:04:58]} Nd7 {[%emt 0:02:38]} 26. Qf5 {[%emt 0:07:50]} g6 {[%emt 0:00:23]} 27. Qf4 {[%emt 0:00:10]} Bg7 {[%emt 0:00:13]} 28. Kg1 {[%emt 0:04:47]} Qxb3 {[%emt 0:01:01]} 29. Rd2 {[%emt 0:00:06]} Qd5 {[%emt 0:01:46]} 30. Bxd4 {[%emt 0:01:44]} cxd4 {[%emt 0:00:37]} 31. Rxd4 {[%emt 0:00:05]} Qb7 {[%emt 0:00:48]} 32. e6 {[%emt 0:01:53]} fxe6 {[%emt 0:00:15]} 33. Rd3 {[%emt 0:00:17]} Nc5 {[%emt 0:01:29]} 34. Rde3 {[%emt 0:00:15]} Qd5 {[%emt 0:02:15]} 35. Ng5 {[%emt 0:03:53]} e5 {[%emt 0:00:37]} 36. Qg4 {[%emt 0:00:47]} Rb4 {[%emt 0:01:46]} 37. Qe2 {[%emt 0:00:59]} e4 {[%emt 0:00:16]} 38. h4 {[%emt 0:00:58]} Rb2 {[%emt 0:00:37]} 39. Qf1 {[%emt 0:00:24]} Bd4 {[%emt 0:04:37]} 40. Rd1 {[%emt 0:01:13]} Rf8 {[%emt 0:00:30]} 41. Nh3 {[%emt 0:30:25]} Nd3 {[%emt 0:31:44]} 0-1